北美洲国家与首都(双语) - Statistics

General Stats
  • This quiz has been taken 14 times
  • The average score is 43 of 92
Answer Stats
Hint Answer % Correct
国家 加拿大
92%
国家 美国
92%
国家 墨西哥
75%
国家 伯利兹
75%
国家 牙买加
75%
国家 海地
75%
国家 危地马拉
67%
国家 萨尔瓦多
67%
国家 洪都拉斯
67%
国家 哥斯达黎加
67%
国家 巴拿马
67%
国家 古巴
67%
国家 格林纳达
67%
首都 渥太华
67%
Country Canada
67%
Country Mexico
67%
国家 多米尼克
58%
首都 墨西哥城
58%
Country Belize
58%
Country Guatemala
58%
Country Haiti
58%
Country Jamaica
58%
Country USA
58%
国家 尼加拉瓜
50%
国家 多米尼加共和国
50%
国家 巴哈马
50%
国家 巴巴多斯
50%
国家 圣文森特和格林纳丁斯
50%
国家 特立尼达和多巴哥
50%
首都 华盛顿
50%
首都 圣萨尔瓦多
50%
首都 圣何塞
50%
首都 巴拿马城
50%
首都 哈瓦那
50%
首都 金斯顿
50%
首都 太子港
50%
首都 金斯顿
50%
Country Costa Rica
50%
Country Cuba
50%
Country Dominica
50%
Capital Havana
50%
Capital Kingstown
50%
Capital Mexico City
50%
Capital Ottawa
50%
Country Panama
50%
Capital Panama City
50%
Capital Washington, D.C.
50%
国家 圣基茨和尼维斯
42%
国家 圣卢西亚
42%
首都 危地马拉城
42%
首都 贝尔莫潘
42%
首都 马那瓜
42%
首都 西班牙港
42%
Country Dominican Republic
42%
Country El Salvador
42%
Country Grenada
42%
Capital Guatemala City
42%
Country Honduras
42%
Capital Kingston
42%
Country Nicaragua
42%
Capital San Jose
42%
Capital San Salvador
42%
国家 安提瓜和巴布达
33%
首都 特古西加尔巴
33%
首都 圣多明各
33%
首都 拿骚
33%
Country Antigua and Barbuda
33%
Country Bahamas
33%
Country Barbados
33%
Capital Belmopan
33%
Capital Managua
33%
Capital Nassau
33%
Capital Port-au-Prince
33%
Capital Port of Spain
33%
Country Saint Kitts and Nevis
33%
Country Saint Lucia
33%
Country Saint Vincent and Grenadines
33%
Capital Santo Domingo
33%
Capital Tegucigalpa
33%
Country Trinidad and Tobago
33%
首都 圣约翰
25%
首都 罗索
25%
首都 布里奇顿
25%
首都 圣乔治
25%
Capital Bridgetown
25%
Capital Roseau
25%
Capital St. George's
25%
Capital St. John's
25%
首都 巴斯特尔
17%
首都 卡斯特里
17%
Capital Basseterre
17%
Capital Castries
17%
No matching quizzes found
Score Distribution
Percent of People with Each Score
Percentile by Number Answered
Your Score History
You have not taken this quiz